00927pam a2200265 a 4500001000500000005001700005020001500022040002300037050002000060082000800080100002000088245008300108250004200191260003600233300005600269490003400325505000800359520008100367521002400448521002000472650002500492655003900517655007000556700003500626338620250815124154.0 a0590477900 aDLCcDLCdDLCbeng00aPZ7.R982b 199300a8131 aRylant, Cynthia14aThe relatives came /cstory by Cynthia Rylant ; illustrated by Stephen Gammell aFirst Scholastic printing , June 1993 aNew York : bScholastic ,c1985 a31 unnumber pages : bcolor illustrations ;c26 cm. a Gammell's Appalachian Tales  aZ  aThe relatives come to visit from Virginia and everyone has a wonderful time. a940 bLexile AD  aZ bRaz-Plus  1aFamily lifexFiction 7aJuvenile literaturey1993.2rbgenr 7aReview copies (Publishing)zNew York (N.Y.)y20th century.2rbpub1 aGammell, Stepheneillustrator